[Event "WchT Seniors 65"]
[Site "Prague"]
[Date "2025.02.24"]
[Round "7.36"]
[White "Sopko, Cassio Roberto"]
[Black "Ten Hacken, Jos"]
[Result "1/2-1/2"]
[WhiteElo "1835"]
[BlackElo "2020"]
[PlyCount "62"]
[EventDate "2025.02.17"]
[EventType "team-swiss"]
[EventRounds "9"]
[EventCountry "CZE"]
[SourceTitle "CB09_2025"]
[SourceDate "2025.02.27"]
[SourceVersion "1"]
[SourceVersionDate "2025.02.27"]
[SourceQuality "1"]
[WhiteTeam "Brazil 65"]
[BlackTeam "Netherlands Orange 65"]
[WhiteTeamCountry "BRA"]
[BlackTeamCountry "NED"]

1. d4 d5 2. Nf3 c5 3. e3 Nc6 4. b3 cxd4 5. exd4 Nf6 6. Bb2 Bg4 7. Be2 Bxf3 8. Bxf3 e6 9. 0-0 Bd6 10. c4 0-0 11. Na3 Rc8 12. Nb5 Bb8 13. Rc1 a6 14. cxd5 exd5 15. Nc3 b5 16. g3 Ba7 17. Ne2 Re8 18. Re1 Qd7 19. Qd3 Nb4 20. Qb1 Ne4 21. Rxc8 Qxc8 22. Nf4 Nd2 23. Rxe8+ Qxe8 24. Qd1 Qe1+ 25. Kg2 Qxd1 26. Bxd1 g5 27. Nh5 Nd3 28. Ba1 Ne1+ 29. Kg1 Nef3+ 30. Kg2 Ne1+ 31. Kg1 Nef3+ 1/2-1/2

[Event "Pan American-ch Seniors 65"]
[Site "Lima"]
[Date "2023.04.28"]
[Round "4"]
[White "Silva, Cesar"]
[Black "Sopko, Cassio Roberto"]
[Result "1-0"]
[WhiteElo "1980"]
[BlackElo "1832"]
[PlyCount "81"]
[EventDate "2023.04.26"]
[EventType "swiss"]
[EventRounds "9"]
[EventCountry "PER"]
[SourceTitle "CBM 214 Extra"]
[Source "ChessBase"]
[SourceDate "2023.07.31"]
[SourceVersion "1"]
[SourceVersionDate "2023.07.31"]
[SourceQuality "1"]

1. e4 e5 2. Bc4 Nf6 3. d3 Be7 4. Nf3 Nc6 5. Nc3 d6 6. h3 Be6 7. Nd5 Qd7 8. a4 h6 9. c3 a6 10. b4 0-0 11. Qb3 Rfe8 12. Ne3 Rad8 13. Bxe6 Qxe6 14. Nd5 Qd7 15. 0-0 Nxd5 16. exd5 Nb8 17. Qc4 c6 18. Bd2 Rc8 19. Rfe1 Bf6 20. Rac1 cxd5 21. Qxd5 Qc6 22. Qe4 Qxe4 23. dxe4 Rc4 24. g3 Rec8 25. Kg2 Nd7 26. a5 Bd8 27. Rcd1 Nf6 28. Re3 Rxe4 29. Rd3 Be7 30. Nh4 d5 31. Nf5 Kf8 32. f3 Rec4 33. Ne3 R4c7 34. Nxd5 Nxd5 35. Rxd5 Bf6 36. Rc1 Be7 37. b5 Rc5 38. Rxc5 Rxc5 39. bxa6 bxa6 40. c4 Bd8 41. Bb4 1-0

[Event "Pan American-ch Seniors 65"]
[Site "Lima"]
[Date "2023.04.27"]
[Round "3"]
[White "Okamura, Milton Kasuo"]
[Black "Sopko, Cassio Roberto"]
[Result "1-0"]
[WhiteElo "1995"]
[BlackElo "1832"]
[PlyCount "129"]
[EventDate "2023.04.26"]
[EventType "swiss"]
[EventRounds "9"]
[EventCountry "PER"]
[SourceTitle "CBM 214 Extra"]
[Source "ChessBase"]
[SourceDate "2023.07.31"]
[SourceVersion "1"]
[SourceVersionDate "2023.07.31"]
[SourceQuality "1"]

1. d4 f5 2. c4 e6 3. Nf3 d5 4. Nc3 c6 5. Bf4 Nf6 6. e3 Bd6 7. Bd3 Ne4 8. 0-0 0-0 9. Rc1 Qe7 10. Bxd6 Qxd6 11. a3 Nd7 12. Qc2 Kh8 13. Rfd1 Qe7 14. b4 Ndf6 15. Ne5 Nxc3 16. Qxc3 Ne4 17. Qb2 a6 18. a4 Bd7 19. c5 Rfb8 20. Qc2 Be8 21. Rb1 Nf6 22. f3 Nd7 23. Nxd7 Qxd7 24. b5 axb5 25. axb5 Qd8 26. b6 g6 27. Ra1 Bd7 28. f4 Kg7 29. Qb2 Kf6 30. Ra7 Bc8 31. Rda1 Rxa7 32. Rxa7 h6 33. Qf2 Kg7 34. g4 Kh7 35. Qg3 h5 36. gxh5 gxh5 37. h4 Qg8 38. Qg5 Qxg5+ 39. hxg5 Bd7 40. Kh2 Kg6 41. Kh3 h4 42. Ba6 Bc8 43. Be2 Bd7 44. Kxh4 Rh8+ 45. Kg3 Rb8 46. Ra1 Rh8 47. Bf3 Kg7 48. Ra7 Rb8 49. Bh5 Kf8 50. Kh4 Kg7 51. Be2 Kg6 52. Kg3 Kg7 53. Kg2 Kg6 54. Ra1 Rh8 55. Rh1 Rxh1 56. Kxh1 Bc8 57. Kg2 Bd7 58. Kg3 Bc8 59. Kh4 Bd7 60. Bd1 Bc8 61. Bh5+ Kg7 62. Be8 Kf8 63. g6 Kxe8 64. Kg5 Ke7 65. Kh6 1-0

[Event "BRA-ch Seniors 50"]
[Site "Joao Pessoa"]
[Date "2022.08.21"]
[Round "5"]
[White "Sopko, Cassio Roberto"]
[Black "Pereira Fo, Hildebrando Apolon"]
[Result "1-0"]
[WhiteElo "1821"]
[BlackElo "1532"]
[PlyCount "69"]
[EventDate "2022.08.19"]
[EventType "k.o."]
[EventRounds "5"]
[EventCountry "BRA"]
[SourceTitle "CBM 210 Extra"]
[Source "ChessBase"]
[SourceDate "2022.11.30"]
[SourceVersion "1"]
[SourceVersionDate "2022.11.30"]
[SourceQuality "1"]

1. d4 d5 2. g3 Nf6 3. Bg2 g6 4. Nf3 Bg7 5. 0-0 0-0 6. c4 c6 7. b3 b6 8. Bb2 Bb7 9. Nbd2 Nbd7 10. Qc2 c5 11. e3 Rc8 12. a4 cxd4 13. exd4 dxc4 14. bxc4 Nd5 15. Qb3 Nc7 16. a5 Na6 17. Bc3 Re8 18. Rfd1 Qc7 19. Rab1 Bd5 20. Ne5 Ndc5 21. Qb5 Bxg2 22. Kxg2 Bxe5 23. dxc5 Qb7+ 24. c6 Rxc6 25. Qxe5 Rc5+ 26. Qe4 Qxe4+ 27. Nxe4 Rxc4 28. Rd4 Rec8 29. axb6 Rxd4 30. Bxd4 axb6 31. Rxb6 Nc7 32. Rc6 Kf8 33. Bb6 Ke8 34. Rxc7 Rb8 35. Bc5 1-0

[Event "BRA-ch Seniors 50"]
[Site "Joao Pessoa"]
[Date "2022.08.19"]
[Round "2"]
[White "Camara, Jose Arruda"]
[Black "Sopko, Cassio Roberto"]
[Result "1/2-1/2"]
[WhiteElo "1874"]
[BlackElo "1821"]
[PlyCount "74"]
[EventDate "2022.08.19"]
[EventType "k.o."]
[EventRounds "5"]
[EventCountry "BRA"]
[SourceTitle "CBM 210 Extra"]
[Source "ChessBase"]
[SourceDate "2022.11.30"]
[SourceVersion "1"]
[SourceVersionDate "2022.11.30"]
[SourceQuality "1"]

1. e4 e5 2. Nf3 Nf6 3. d3 d5 4. exd5 Qxd5 5. Nc3 Bb4 6. Bd2 Bxc3 7. Bxc3 Nc6 8. Be2 0-0 9. 0-0 Nd4 10. Nxd4 exd4 11. Bf3 Qd6 12. Bd2 Be6 13. Bg5 Nd5 14. Re1 Rae8 15. Bd2 b6 16. g3 Bd7 17. Rxe8 Rxe8 18. Qf1 a5 19. a3 h6 20. Re1 Re6 21. Re4 Nf6 22. Rxe6 Bxe6 23. Bf4 Qc5 24. Qe2 a4 25. h4 Qb5 26. Bc1 Bd5 27. g4 Bxf3 28. Qxf3 Qd5 29. Qxd5 Nxd5 30. Kg2 Kf8 31. Kf3 Ke7 32. Ke4 Nf6+ 33. Kf4 Ke6 34. g5 hxg5+ 35. hxg5 Nd5+ 36. Ke4 c5 37. Bd2 f5+ 1/2-1/2

[Event "Pan American-ch Seniors 50"]
[Site "Florianopolis"]
[Date "2022.06.24"]
[Round "6"]
[White "Sopko, Cassio Roberto"]
[Black "Da Silva, Joao Carlos Orguim"]
[Result "1-0"]
[WhiteElo "1826"]
[BlackElo "1774"]
[PlyCount "109"]
[EventDate "2022.06.21"]
[EventType "swiss"]
[EventRounds "9"]
[EventCountry "BRA"]
[SourceTitle "CBM 209 Extra"]
[Source "ChessBase"]
[SourceDate "2022.09.30"]
[SourceVersion "1"]
[SourceVersionDate "2022.09.30"]
[SourceQuality "1"]

1. d4 d5 2. g3 a6 3. Bg2 e6 4. b3 b5 5. Bb2 Bb7 6. Nf3 Nd7 7. 0-0 Ngf6 8. Nbd2 Be7 9. Re1 0-0 10. c4 c6 11. Qc2 Rc8 12. e4 dxe4 13. Nxe4 Nxe4 14. Qxe4 Nf6 15. Qe2 Bb4 16. Red1 Re8 17. a3 Bf8 18. Ne5 Qb6 19. c5 Qc7 20. b4 Nd5 21. f4 f6 22. Nd3 g6 23. h4 Re7 24. Re1 Rce8 25. Qg4 Bc8 26. Bxd5 exd5 27. Qf3 Bf5 28. Rxe7 Qxe7 29. Re1 Be4 30. Qd1 Qd7 31. Nf2 f5 32. Re3 Re7 33. Nd3 Bxd3 34. Rxe7 Qxe7 35. Qxd3 Qe1+ 36. Kg2 Qe4+ 37. Qxe4 dxe4 38. d5 Kf7 39. dxc6 Ke8 40. Bf6 Be7 41. c7 Kd7 42. Bxe7 Kxc7 43. Kf2 Kc6 44. Ke3 Kd5 45. Bf6 Ke6 46. Bc3 Kd5 47. Bd2 a5 48. Be1 a4 49. Bd2 Ke6 50. Kd4 h6 51. Be3 Kf6 52. Kd5 g5 53. hxg5+ hxg5 54. fxg5+ Kg6 55. c6 1-0

[Event "BRA-ch 87th"]
[Site "Cuiaba"]
[Date "2021.11.02"]
[Round "8"]
[White "Sopko, Cassio Roberto"]
[Black "Goetten Wagner, Julia"]
[Result "1/2-1/2"]
[WhiteElo "1877"]
[BlackElo "1606"]
[PlyCount "68"]
[EventDate "2021.10.28"]
[EventType "swiss"]
[EventRounds "11"]
[EventCountry "BRA"]
[SourceTitle "CBM 205 Extra"]
[Source "ChessBase"]
[SourceDate "2022.01.31"]
[SourceVersion "1"]
[SourceVersionDate "2022.01.31"]
[SourceQuality "1"]

1. d4 Nf6 2. g3 c5 3. c3 cxd4 4. cxd4 d5 5. Bg2 e6 6. Nf3 Bd6 7. 0-0 Nc6 8. Nc3 0-0 9. b3 Bb4 10. Bb2 Bxc3 11. Bxc3 Ne4 12. Bb2 Bd7 13. Ne1 f5 14. Nd3 Rc8 15. f3 Ng5 16. Nc5 b6 17. Nxd7 Qxd7 18. Qd2 Nf7 19. f4 Rfd8 20. Rfc1 a5 21. Ba3 Nd6 22. Bxd6 Qxd6 23. a3 Rc7 24. e3 Rdc8 25. Bf1 Nd8 26. a4 Nf7 27. Ba6 Rd8 28. Rxc7 Qxc7 29. Rc1 Qa7 30. Bd3 Nd6 31. Rc2 Qb7 32. Qc1 Rc8 33. Kf2 Rxc2+ 34. Qxc2 Qc8 1/2-1/2

[Event "BRA-ch 87th"]
[Site "Cuiaba"]
[Date "2021.10.29"]
[Round "3"]
[White "De Oliveira, Tobias Luiz Carvalh"]
[Black "Sopko, Cassio Roberto"]
[Result "0-1"]
[WhiteElo "1172"]
[BlackElo "1877"]
[PlyCount "40"]
[EventDate "2021.10.28"]
[EventType "swiss"]
[EventRounds "11"]
[EventCountry "BRA"]
[SourceTitle "CBM 205 Extra"]
[Source "ChessBase"]
[SourceDate "2022.01.31"]
[SourceVersion "1"]
[SourceVersionDate "2022.01.31"]
[SourceQuality "1"]

1. e4 e5 2. Nf3 Nf6 3. Nxe5 d6 4. Nf3 Nxe4 5. Nc3 Nxc3 6. dxc3 Be7 7. Be3 Nc6 8. Qd2 Be6 9. Bd3 Qd7 10. Qe2 a6 11. a3 0-0 12. 0-0-0 b5 13. Nd4 Ne5 14. f3 Nxd3+ 15. Qxd3 Bf6 16. Nxe6 Qxe6 17. Bd4 Bxd4 18. Qxd4 Rfe8 19. Rhe1 Qh6+ 20. Kb1 Qxh2 0-1

[Event "Wch Seniors 50 29th"]
[Site "Bucharest"]
[Date "2019.11.16"]
[Round "5"]
[White "Sopko, Cassio Roberto"]
[Black "Koch, Alain1"]
[Result "1/2-1/2"]
[WhiteElo "1835"]
[BlackElo "1930"]
[PlyCount "58"]
[EventDate "2019.11.12"]
[EventType "swiss"]
[EventRounds "11"]
[EventCountry "ROU"]
[SourceTitle "CBM 193 Extra"]
[Source "ChessBase"]
[SourceDate "2020.01.31"]
[SourceVersion "1"]
[SourceVersionDate "2020.01.31"]
[SourceQuality "1"]

1. d4 d5 2. g3 Nf6 3. Bg2 Bf5 4. c4 e6 5. Nc3 c6 6. cxd5 exd5 7. Nf3 Nbd7 8. 0-0 Be7 9. Nh4 Bg6 10. f3 0-0 11. Nxg6 fxg6 12. e4 Nb6 13. e5 Ne8 14. f4 Nc7 15. b3 Qd7 16. h4 a5 17. Kh2 a4 18. Bh3 Qe8 19. Be3 axb3 20. axb3 Rxa1 21. Qxa1 Qa8 22. Kg2 Qa3 23. Qxa3 Bxa3 24. Rf2 Bb4 25. Na2 Be7 26. Nc3 Ra8 27. Ra2 Rxa2+ 28. Nxa2 Nb5 29. Kf3 Kf7 1/2-1/2

[Event "Wch Seniors 50 29th"]
[Site "Bucharest"]
[Date "2019.11.15"]
[Round "4"]
[White "Gebhardt, Uwe"]
[Black "Sopko, Cassio Roberto"]
[Result "1/2-1/2"]
[WhiteElo "1943"]
[BlackElo "1835"]
[PlyCount "42"]
[EventDate "2019.11.12"]
[EventType "swiss"]
[EventRounds "11"]
[EventCountry "ROU"]
[SourceTitle "CBM 193 Extra"]
[Source "ChessBase"]
[SourceDate "2020.01.31"]
[SourceVersion "1"]
[SourceVersionDate "2020.01.31"]
[SourceQuality "1"]

1. d4 f5 2. g3 Nf6 3. Bg2 d5 4. Nf3 e6 5. 0-0 Bd6 6. Nbd2 0-0 7. c4 c6 8. b3 Qe8 9. e3 Qh5 10. Ne5 Qxd1 11. Rxd1 Nbd7 12. Bb2 a5 13. a3 Ne4 14. f3 Nxd2 15. Rxd2 Bxe5 16. dxe5 Nc5 17. Rb1 Nxb3 18. Rc2 a4 19. Bf1 Bd7 20. c5 Rfb8 21. Bd4 Kf7 1/2-1/2

[Event "Wch Seniors 50 29th"]
[Site "Bucharest"]
[Date "2019.11.14"]
[Round "3"]
[White "Sopko, Cassio Roberto"]
[Black "Brown, Steven A"]
[Result "1/2-1/2"]
[WhiteElo "1835"]
[BlackElo "1991"]
[PlyCount "58"]
[EventDate "2019.11.12"]
[EventType "swiss"]
[EventRounds "11"]
[EventCountry "ROU"]
[SourceTitle "CBM 193 Extra"]
[Source "ChessBase"]
[SourceDate "2020.01.31"]
[SourceVersion "1"]
[SourceVersionDate "2020.01.31"]
[SourceQuality "1"]

1. d4 d5 2. g3 Nf6 3. Bg2 e6 4. Nf3 c5 5. e3 Nc6 6. 0-0 Be7 7. b3 cxd4 8. exd4 0-0 9. Bb2 Qc7 10. a3 Nd7 11. Re1 Bf6 12. Nbd2 b5 13. c4 bxc4 14. bxc4 Rb8 15. Qc2 dxc4 16. Rab1 Na5 17. Ne5 Ba6 18. Bc3 Bxe5 19. dxe5 Rxb1 20. Rxb1 Nb3 21. Nxb3 cxb3 22. Qxb3 Rb8 23. Bb4 Nxe5 24. Qa4 Bd3 25. Re1 Bc2 26. Ba5 Qc5 27. Bb4 Bxa4 28. Bxc5 Nd3 29. Bxa7 Rb3 1/2-1/2

[Event "BRA-ch Seniors 50+"]
[Site "Sao Paulo"]
[Date "2019.10.13"]
[Round "5"]
[White "Braga, Marcelo Melem"]
[Black "Sopko, Cassio Roberto"]
[Result "0-1"]
[WhiteElo "1548"]
[BlackElo "1844"]
[PlyCount "70"]
[EventDate "2019.10.11"]
[EventType "swiss"]
[EventRounds "5"]
[EventCountry "BRA"]
[SourceTitle "CBM 193 Extra"]
[Source "ChessBase"]
[SourceDate "2020.01.31"]
[SourceVersion "1"]
[SourceVersionDate "2020.01.31"]
[SourceQuality "1"]

1. d4 f5 2. c4 e6 3. Nf3 d5 4. cxd5 exd5 5. a3 Bd6 6. Nc3 c6 7. Bg5 Nf6 8. e3 0-0 9. Bd3 Qe8 10. Bxf6 Rxf6 11. Qc2 Qh5 12. Be2 Qe8 13. b4 a6 14. Rc1 a5 15. Nxd5 Rf8 16. Nb6 Ra7 17. Nxc8 Qxc8 18. Qb3+ Kh8 19. Ng5 h6 20. Nf7+ Rxf7 21. Qxf7 axb4 22. Bd3 bxa3 23. Bxf5 Qf8 24. Qg6 Bb4+ 25. Ke2 Qg8 26. Be6 Qf8 27. d5 Ra5 28. d6 Rg5 29. Qe4 Bxd6 30. Ba2 Nd7 31. Rhd1 Nf6 32. Qd3 Rxg2 33. Bb1 Rxf2+ 34. Kxf2 Ne4+ 35. Ke1 Qf2# 0-1

[Event "BRA-ch Seniors 50+"]
[Site "Sao Paulo"]
[Date "2019.10.11"]
[Round "1"]
[White "De Godoy, Fernando Andre Rolf"]
[Black "Sopko, Cassio Roberto"]
[Result "1-0"]
[WhiteElo "1772"]
[BlackElo "1844"]
[PlyCount "81"]
[EventDate "2019.10.11"]
[EventType "swiss"]
[EventRounds "5"]
[EventCountry "BRA"]
[SourceTitle "CBM 193 Extra"]
[Source "ChessBase"]
[SourceDate "2020.01.31"]
[SourceVersion "1"]
[SourceVersionDate "2020.01.31"]
[SourceQuality "1"]

1. d4 f5 2. Bf4 c6 3. c4 Nf6 4. e3 e6 5. a3 d5 6. Nf3 Bd6 7. Ne5 0-0 8. Nd2 b6 9. Be2 Bb7 10. Rc1 c5 11. Nd3 Na6 12. Nf3 dxc4 13. Rxc4 b5 14. Rc1 Ne4 15. Bxd6 Qxd6 16. Nxc5 Naxc5 17. dxc5 Qxd1+ 18. Bxd1 Rfc8 19. b4 a5 20. Bb3 Bd5 21. Bxd5 exd5 22. Nd4 axb4 23. axb4 Ra2 24. 0-0 Ra4 25. Nxf5 Kf7 26. Nd6+ Nxd6 27. cxd6 Rxc1 28. Rxc1 Rxb4 29. g3 Rc4 30. Rd1 d4 31. e4 Ke8 32. e5 g5 33. Kg2 g4 34. h3 h5 35. hxg4 hxg4 36. Rh1 d3 37. e6 Kf8 38. Rh8+ Kg7 39. e7 d2 40. e8Q d1Q 41. Qf8+ 1-0

[Event "BRA-ch sf2"]
[Site "Brasilia"]
[Date "2018.07.20"]
[Round "5.5"]
[White "Terra, Arthur Schneider"]
[Black "Sopko, Cassio Roberto"]
[Result "0-1"]
[WhiteElo "1647"]
[BlackElo "1829"]
[PlyCount "72"]
[EventDate "2018.07.20"]
[EventType "swiss"]
[EventRounds "5"]
[EventCountry "BRA"]
[SourceTitle "EXT 2022"]
[Source "ChessBase"]
[SourceDate "2021.10.06"]
[SourceVersion "1"]
[SourceVersionDate "2021.10.06"]
[SourceQuality "1"]

1. d4 f5 2. g3 e6 3. Bg2 d5 4. c4 c6 5. cxd5 exd5 6. Nf3 Bd6 7. Bg5 Nf6 8. 0-0 0-0 9. Ne5 Qb6 10. Qd2 Ne4 11. Bxe4 fxe4 12. Kg2 Nd7 13. Nxd7 Bxd7 14. Nc3 Rae8 15. Rac1 Be7 16. Be3 Qd8 17. Rh1 Be6 18. Na4 Qd7 19. h4 Bg4 20. Rce1 Bd6 21. Nc3 Rf7 22. Nd1 Ref8 23. a3 Qf5 24. b4 Qh5 25. Qc2 a6 26. Qd2 Be6 27. Nc3 Qg4 28. Qc1 Rxf2+ 29. Bxf2 Rxf2+ 30. Kxf2 Qxg3+ 31. Kf1 Bh3+ 32. Rxh3 Qxh3+ 33. Kf2 Bg3+ 34. Ke3 Bxe1+ 35. Kf4 Qg3+ 36. Kf5 Qg6+ 0-1

[Event "Pocos de Caldas op"]
[Site "Pocos de Caldas"]
[Date "2018.03.03"]
[Round "4"]
[White "Grum, Amanda Soares"]
[Black "Sopko, Cassio Roberto"]
[Result "0-1"]
[WhiteElo "1380"]
[BlackElo "1859"]
[PlyCount "76"]
[EventDate "2018.03.02"]
[EventType "swiss"]
[EventRounds "6"]
[EventCountry "BRA"]
[SourceTitle "CBM 183 Extra"]
[Source "ChessBase"]
[SourceDate "2018.04.19"]
[SourceVersion "1"]
[SourceVersionDate "2018.04.19"]
[SourceQuality "1"]

1. e4 e5 2. Nf3 Nf6 3. Nxe5 d6 4. Nf3 Nxe4 5. d3 Nf6 6. d4 Bg4 7. Bd3 Nc6 8. c3 d5 9. 0-0 Be7 10. Bf4 0-0 11. Nbd2 Bd6 12. Bxd6 Qxd6 13. Qc2 Rfe8 14. Rfe1 h6 15. h3 Bd7 16. Nf1 Qf4 17. Ng3 Bxh3 18. gxh3 Qxf3 19. Rad1 h5 20. Be2 Qf4 21. Nxh5 Qg5+ 22. Ng3 Ne4 23. Qd3 f5 24. Kf1 Re6 25. Nxe4 fxe4 26. Qg3 Qe7 27. c4 Rf6 28. cxd5 Nb4 29. Qb3 Qd6 30. Bg4 Rxf2+ 31. Kxf2 Qh2+ 32. Ke3 Nc2+ 33. Kxe4 Nxe1 34. Rxe1 Rf8 35. Qe3 Qc2+ 36. Qd3 Qg2+ 37. Ke3 Qf2+ 38. Ke4 Qf4# 0-1

[Event "Pocos de Caldas op"]
[Site "Pocos de Caldas"]
[Date "2018.03.03"]
[Round "3"]
[White "Sopko, Cassio Roberto"]
[Black "Costa, Iaggo Bernini"]
[Result "1-0"]
[WhiteElo "1859"]
[BlackElo "1474"]
[PlyCount "45"]
[EventDate "2018.03.02"]
[EventType "swiss"]
[EventRounds "6"]
[EventCountry "BRA"]
[SourceTitle "CBM 183 Extra"]
[Source "ChessBase"]
[SourceDate "2018.04.19"]
[SourceVersion "1"]
[SourceVersionDate "2018.04.19"]
[SourceQuality "1"]

1. b4 Nf6 2. Bb2 g6 3. c4 Bg7 4. e3 d6 5. Nf3 0-0 6. d4 d5 7. Nbd2 Bf5 8. b5 c6 9. a4 Nbd7 10. Qb3 Nb6 11. Ne5 dxc4 12. Ndxc4 Nxc4 13. Bxc4 Qe8 14. h4 Ne4 15. g4 Bxe5 16. gxf5 Qd8 17. fxg6 hxg6 18. Rd1 Bf6 19. Qd3 Qa5+ 20. Ke2 cxb5 21. axb5 Nd6 22. Qxg6+ Bg7 23. Rhg1 1-0

[Event "Brasilia Terraviva op"]
[Site "Brasilia"]
[Date "2018.01.11"]
[Round "1"]
[White "Sopko, Cassio Roberto"]
[Black "De Oliveira, Anderson Jose Ferre"]
[Result "1/2-1/2"]
[WhiteElo "1893"]
[BlackElo "1804"]
[PlyCount "51"]
[EventDate "2018.01.11"]
[EventType "swiss"]
[EventRounds "7"]
[EventCountry "BRA"]
[SourceTitle "CBM 182 Extra"]
[Source "ChessBase"]
[SourceDate "2018.02.23"]
[SourceVersion "1"]
[SourceVersionDate "2018.02.23"]
[SourceQuality "1"]

1. d4 d5 2. c4 c6 3. g3 Bf5 4. Bg2 e6 5. Nf3 Nf6 6. 0-0 Be7 7. Nc3 Nbd7 8. cxd5 cxd5 9. b3 Ne4 10. Nxe4 Bxe4 11. Bf4 0-0 12. Rc1 Rc8 13. Qd2 Rc6 14. Rxc6 bxc6 15. Ne5 Nxe5 16. Bxe4 Nd7 17. Bb1 Nf6 18. Rc1 Qd7 19. Qc2 Rc8 20. Be5 g6 21. Qd3 Qb7 22. Qf3 Nd7 23. Bf4 Qb4 24. Qd3 Qb7 25. h4 Qb6 26. h5 1/2-1/2

[Event "Pan American-ch Seniors 50"]
[Site "Neiva"]
[Date "2017.10.15"]
[Round "8"]
[White "Sopko, Cassio Roberto"]
[Black "Riascos, Guillermo"]
[Result "1/2-1/2"]
[WhiteElo "1900"]
[BlackElo "1799"]
[PlyCount "132"]
[EventDate "2017.10.11"]
[EventType "swiss"]
[EventRounds "9"]
[EventCountry "COL"]
[SourceTitle "CBM 181 Extra"]
[Source "ChessBase"]
[SourceDate "2017.12.12"]
[SourceVersion "1"]
[SourceVersionDate "2017.12.12"]
[SourceQuality "1"]

1. d4 Nf6 2. Nf3 e6 3. g3 d5 4. Bg2 Nbd7 5. 0-0 c5 6. c4 dxc4 7. Qa4 cxd4 8. Nxd4 a6 9. Qxc4 Be7 10. Nc3 0-0 11. Rd1 Nb6 12. Qb3 Qc7 13. Bg5 Nbd7 14. Rac1 Qa5 15. Bd2 Qh5 16. Nxe6 fxe6 17. Qxe6+ Qf7 18. Qxf7+ Rxf7 19. Nd5 Bd8 20. Bg5 Rf8 21. Nc7 Bxc7 22. Rxc7 h6 23. Bf4 Re8 24. e3 Nf8 25. Bxb7 Bxb7 26. Rxb7 Ne6 27. Rb6 Nxf4 28. gxf4 Reb8 29. Rxb8+ Rxb8 30. b3 Rb6 31. Rd4 Kf7 32. Kg2 Ke6 33. h3 Nd5 34. Ra4 Nc3 35. Ra5 Nb5 36. Kg3 Na7 37. Kg4 Nc6 38. Ra4 Nb4 39. e4 Nd3 40. f3 h5+ 41. Kg5 Ne1 42. f5+ Kf7 43. f4 Nd3 44. Rc4 Nf2 45. e5 Nxh3+ 46. Kxh5 Rh6+ 47. Kg4 Nf2+ 48. Kf3 Nd3 49. Rc7+ Kf8 50. Ke4 Nb4 51. a3 Nc6 52. Rc8+ Ke7 53. Ra8 Na5 54. Ra7+ Kf8 55. e6 Nxb3 56. Kd5 Rh1 57. Rxa6 Rd1+ 58. Kc4 Nd2+ 59. Kd3 Nb1+ 60. Kc2 Rf1 61. Ra8+ Ke7 62. Ra7+ Ke8 63. a4 Na3+ 64. Kb3 Rf3+ 65. Ka2 Nc4 66. a5 Rxf4 1/2-1/2

[Event "Pan American-ch Seniors 50"]
[Site "Neiva"]
[Date "2017.10.14"]
[Round "6"]
[White "Sopko, Cassio Roberto"]
[Black "Leal Ortega, Jose del Carmen"]
[Result "1/2-1/2"]
[WhiteElo "1900"]
[BlackElo "1684"]
[PlyCount "56"]
[EventDate "2017.10.11"]
[EventType "swiss"]
[EventRounds "9"]
[EventCountry "COL"]
[SourceTitle "CBM 181 Extra"]
[Source "ChessBase"]
[SourceDate "2017.12.12"]
[SourceVersion "1"]
[SourceVersionDate "2017.12.12"]
[SourceQuality "1"]

1. Nf3 c5 2. c4 g6 3. g3 Bg7 4. Bg2 Nf6 5. Nc3 Nc6 6. Rb1 d6 7. a3 a5 8. d3 0-0 9. 0-0 Rb8 10. Bd2 Bd7 11. Nb5 Ng4 12. Bc3 Nge5 13. Qd2 b6 14. b3 Nxf3+ 15. Bxf3 Ne5 16. Bg2 h5 17. d4 cxd4 18. Nxd4 Qc8 19. Rbc1 Bh3 20. f4 Bxg2 21. Kxg2 Qb7+ 22. Nf3 Ng4 23. Bxg7 Kxg7 24. h3 Nf6 25. Kh2 Rbc8 26. f5 Rc5 27. fxg6 fxg6 28. Qd4 Qe4 1/2-1/2

[Event "Pan American-ch Seniors 50"]
[Site "Neiva"]
[Date "2017.10.12"]
[Round "4"]
[White "Acosta Pedroso, Gerardo"]
[Black "Sopko, Cassio Roberto"]
[Result "1/2-1/2"]
[WhiteElo "2050"]
[BlackElo "1900"]
[PlyCount "52"]
[EventDate "2017.10.11"]
[EventType "swiss"]
[EventRounds "9"]
[EventCountry "COL"]
[SourceTitle "CBM 181 Extra"]
[Source "ChessBase"]
[SourceDate "2017.12.12"]
[SourceVersion "1"]
[SourceVersionDate "2017.12.12"]
[SourceQuality "1"]

1. d4 f5 2. Nf3 Nf6 3. c4 e6 4. g3 d5 5. Bg2 c6 6. Qc2 Bd6 7. 0-0 0-0 8. Bg5 Qe8 9. Bxf6 Rxf6 10. Ne5 f4 11. gxf4 Rxf4 12. e3 Rf8 13. f4 Bxe5 14. fxe5 Rxf1+ 15. Kxf1 b6 16. Nd2 Qh5 17. Nf3 Ba6 18. b3 Nd7 19. Kg1 Qh6 20. Re1 Rc8 21. Qb2 dxc4 22. Qa3 Nb8 23. bxc4 Bxc4 24. Qxa7 b5 25. a3 Rf8 26. Qe7 Qg6 1/2-1/2

[Event "Pan American-ch Seniors 50"]
[Site "Neiva"]
[Date "2017.10.11"]
[Round "2"]
[White "Triana Castro, Francisco Javier"]
[Black "Sopko, Cassio Roberto"]
[Result "0-1"]
[WhiteElo "1684"]
[BlackElo "1900"]
[PlyCount "104"]
[EventDate "2017.10.11"]
[EventType "swiss"]
[EventRounds "9"]
[EventCountry "COL"]
[SourceTitle "CBM 181 Extra"]
[Source "ChessBase"]
[SourceDate "2017.12.12"]
[SourceVersion "1"]
[SourceVersionDate "2017.12.12"]
[SourceQuality "1"]

1. d4 f5 2. e4 fxe4 3. Nc3 Nf6 4. Bg5 Nc6 5. Bxf6 exf6 6. Nxe4 d5 7. Ng3 Qd6 8. c3 Bd7 9. Qc2 g6 10. Nf3 Bh6 11. Bd3 0-0-0 12. 0-0 f5 13. Rfe1 Bg7 14. Ng5 Qf6 15. Nf3 Rde8 16. b4 h5 17. h4 Bh6 18. b5 Na5 19. Nf1 b6 20. g3 g5 21. Ne3 gxh4 22. Nxh4 Bxe3 23. Rxe3 Rxe3 24. fxe3 Rg8 25. Kh2 Nc4 26. Bxc4 dxc4 27. Qa4 Qd6 28. Rg1 Qd5 29. Qd1 Qe4 30. Qf3 Qxf3 31. Nxf3 Bxb5 32. Ne5 Re8 33. Rf1 Bd7 34. Rf4 b5 35. Kh3 a5 36. a3 b4 37. axb4 axb4 38. cxb4 c3 39. Rf2 Ba4 40. Ra2 c2 41. Ra1 Bb3 42. Kg2 Bd5+ 43. Kf2 Be4 44. b5 Kb7 45. Nc4 h4 46. gxh4 Rg8 47. Nd2 Rg2+ 48. Ke1 Bd3 49. Nb3 Re2+ 50. Kf1 Rxe3+ 51. Kf2 Re2+ 52. Kf3 Kb6 0-1